- Sefchovich, Sara,
Entry Nombre Personal
001 - NUMERO DE CONTROL
- campo de control: 40748
003 - IDENTIFICADOR DE NUMERO DE CONTROL
- campo de control: DLC
005 - FECHA Y HORA DE LA ÜLTIMA TRANSACCIÓN
- campo de control: 20230201095725.0
008 - DATOS DE LONGITUD FIJA
- campo de control de longitud fija: 230201n| azannaabn |a aaa
010 ## - NÚMERO DE CONTROL DE LA BIBLIOTECA DEL CONGRESO
- Número de control LC: n 83183012
035 ## - NUMERO DE CONTROL
- Número de control: (OCoLC)oca01000418
040 ## - FUENTE DE CATALOGACIÓN
- Agencia original de catalogación: DLC
- Lenguaje de catalogación: spa
- Description conventions: rda
- Agencia de transcripción: DLC
- Agencia que lo modifica: OCl
- Agencia que lo modifica: UPB
- Agencia que lo modifica: InNd
- Agencia que lo modifica: MX-MXUPN
046 ## - FECHAS CON CODIFICACIÓN ESPECIAL
- Fecha de nacimiento: 19490402
053 #0 - NÚMERO DE CLASIFICACIÓN LC
- Número de clasificación elemento-número único o número inicial de tramo: PQ7298.29.E33
100 1# - ENCABEZAMIENTO - NOMBRE PERSONAL
- Nombre personal: Sefchovich, Sara,
- Fechas asociadas con el nombre: 1949-
370 ## - LUGAR ASOCIADO
- Place of residence/headquarters: México
- Fuente del término: naf
373 ## - GRUPO ASOCIADO
- Associated group: Universidad Nacional Autónoma de México
374 ## - OCUPACIÓN
- Occupation: Socióloga
- Fuente del término: lcsh
374 ## - OCUPACIÓN
- Occupation: Historiadora
- Occupation: Escritora
- Occupation: Profesora universitaria
- Occupation: Investigadora
375 ## - GÉNERO
- Gender: femenino
377 ## - LENGUA ASOCIADA
- Language code: spa
400 1# - VEÁSE - NOMBRE DE PERSONA
- Personal name: Sef, Sara
400 1# - VEÁSE - NOMBRE DE PERSONA
- Personal name: Sefchovitch, Sara
670 ## - FUENTE EN LA QUE SE LOCALIZARON DATOS
- Cita de la fuente: Mujeres en espejo, 1983- :
- Información localizada: v. 1, portada (Sara Sefchovich)
670 ## - FUENTE EN LA QUE SE LOCALIZARON DATOS
- Cita de la fuente: Die Herrin der Träume, c1993:
- Información localizada: portada (Sara Sef) jkt. (Sara Sef; actually Sara Sefchovitch; r. Mexico; sociologist)
670 ## - FUENTE EN LA QUE SE LOCALIZARON DATOS
- Cita de la fuente: En su obra: Demasiado amor, 2015:
- Información localizada: portada (Sara Sefchovich) solapa delantera (Socióloga e historiadora, investigadora y profesora en la UNAM, escritora de novelas, de libros de ensayo y de artículos para periódicos y revistas)
670 ## - FUENTE EN LA QUE SE LOCALIZARON DATOS
- Cita de la fuente: En el sitio web Wikipedia, 01 febrero 2023:
- Información localizada: (Sara Sefchovich Wasongarz (2 de abril de 1949) es una socióloga, historiadora, escritora, catédratica, investigadora, traductora, comentarista y conferencista mexicana, autora de catorce libros y múltiples artículos en periódicos y revistas. Su primera novela, Demasiado amor, publicada en 1990, la hizo merecedora del Premio “Agustín Yáñez” y fue llevada al cine en 2002. Publica una columna en el periódico El Universal desde hace más de veinte años. Está casada con el investigador Carlos Martínez Assad.)
- Uniform Resource Identifier: https://es.wikipedia.org/wiki/Sara_Sefchovich
902 ## - CATALOGADOR
- Catalogador: NDAF/010223
